000 00454nam a2200181 a 4500
001 3435
003 CO-ViMGA
008 141112s2004 ck r 000 u spa d
040 _aCO-ViMGA
_bspa
_cCO-ViMGA
082 0 4 _a591.524 G859
100 1 _aGunzi, Christiane
_953170
245 1 0 _aUna Charca marina
260 _aMadrid :
_bAnaya,
_c1993
300 _a29 p : il
490 _aMira de cerca, 3
650 1 4 _aANIMALES MARINOS
_953171
942 _2ddc
_cBK
999 _c15483
_d15483